| 000 | 00664nam a2200205Ia 4500 | ||
|---|---|---|---|
| 999 |
_c20971 _d20971 |
||
| 003 | OSt | ||
| 005 | 20210917190111.0 | ||
| 008 | 160316s2003 xxu||||| |||| 00| 0 eng d | ||
| 020 | _a9789627439240 | ||
| 040 | _cn | ||
| 082 |
_a341.481000 _bRAJ=2 |
||
| 100 | _aRaja Joshva | ||
| 245 | _aRefugees and their right to communicate : South Asian perspectives | ||
| 260 |
_aLondon _bWorld Associatin for Christian Communication _c2003 |
||
| 300 | _a225p | ||
| 365 | _bGratis | ||
| 650 | _a1. Refugees - Status - South Asia 2. Refugee Rights - South Asia3. Right to Information - South Asia 4. Protection - Refugee - South Asia | ||
| 700 |
_a _a |
||
| 942 |
_2ddc _cBK |
||